书目信息 |
| 题名: |
数据治理
|
|
| 作者: | 石秀峰 , 李晓燕 , 赵佳 主编 | |
| 分册: | ||
| 出版信息: | 北京 机械工业出版社 2025.02 |
|
| 页数: | 387页 | |
| 开本: | 24cm | |
| 丛书名: | 数字经济创新驱动与技术赋能丛书 | |
| 单 册: | ||
| 中图分类: | TP274 | |
| 科图分类: | ||
| 主题词: | 数据管理--shu ju guan li | |
| 电子资源: | ||
| ISBN: | 978-7-111-77192-0 | |
| 000 | 01338nam 2200313 450 | |
| 001 | 93464 | |
| 005 | 20250819093105.16 | |
| 010 | @a978-7-111-77192-0@dCNY129.00 | |
| 100 | @a20250319d2025 em y0chiy50 ea | |
| 101 | 0 | @achi |
| 102 | @aCN@b110000 | |
| 105 | @aa a 000yy | |
| 106 | @ar | |
| 200 | 1 | @a数据治理@Ashu ju zhi li@e概念、方法与实践@f主编石秀峰, 李晓燕, 赵佳 |
| 210 | @a北京@c机械工业出版社@d2025.02 | |
| 215 | @a387页@c图@d24cm | |
| 225 | 2 | @a数字经济创新驱动与技术赋能丛书@Ashu zi jing ji chuang xin qu dong yu ji shu fu neng cong shu |
| 300 | @a机工IT | |
| 314 | @a石秀峰, 用友集团数据管理专家、公众号“谈数据”主创人, 畅销书《一本书讲透数据治理》作者, 参与翻译了《dataops实践手册》等数据领域专业书籍。中国电子商会-数据要素委员会-专家成员。 | |
| 320 | @a有书目 | |
| 330 | @a本书是一本数据治理领域的实战型手册, 共8章, 内容包括: 数据治理的基本概念、数据治理的价值、数据治理的核心职能、实施数据治理的前提、实施数据治理的五个阶段、数据治理的十大核心能力建设、数据治理工具与技术、数据治理行业实践案例。 | |
| 410 | 0 | @12001 @a数字经济创新驱动与技术赋能丛书 |
| 606 | 0 | @a数据管理@Ashu ju guan li |
| 690 | @aTP274@v5 | |
| 701 | 0 | @a石秀峰@Ashi xiu feng@4主编 |
| 701 | 0 | @a李晓燕@Ali xiao yan@4主编 |
| 701 | 0 | @a赵佳@Azhao jia@4主编 |
| 801 | 0 | @aCN@c20250909 |
| 905 | @a河南城建学院图书馆@dTP274@eS541@f1 | |
| 数据治理:概念、方法与实践/主编石秀峰, 李晓燕, 赵佳.-北京:机械工业出版社,2025.02 |
| 387页:图;24cm.-(数字经济创新驱动与技术赋能丛书) |
| 机工IT |
| ISBN 978-7-111-77192-0:CNY129.00 |
| 本书是一本数据治理领域的实战型手册, 共8章, 内容包括: 数据治理的基本概念、数据治理的价值、数据治理的核心职能、实施数据治理的前提、实施数据治理的五个阶段、数据治理的十大核心能力建设、数据治理工具与技术、数据治理行业实践案例。 |
| ● |
| 相关链接 |
|
|
|
正题名:数据治理
索取号:TP274/S541
 
预约/预借
| 序号 | 登录号 | 条形码 | 馆藏地/架位号 | 状态 | 备注 |
| 1 | 1627422 | 216274225 | 自科库301/301自科库 42排6列2层/ [索取号:TP274/S541] | 在馆 |